00842nam a22002417a 4500003000500000005001700005008004100022010001000063011001000073020001500083035001100098040000900109082001800118100004100136245013500177260008100312300002200393490004500415650003500460650003400495650002600529830004500555CHAP20220329143524.0100331s1983 mx r 00010 spa d a97962 a98934 a9685805334 a109619 cCHAP04a398.353bAn991 aAnzures y Bolanos, Maria del Carmen.13aLa medicina tradicional en México :bproceso histórico, sincretismos y conflictosc/por María del Carmen Anzures y Bolaños aMéxico, D.F. :bUNAM, Instituto de Investigaciones Antropológicas,c1983 a214 p. :bcuadros 0aEtnología: Serie antropológicav; 5714aBotánica médicaxHistoria.14aIndios de MéxicoxMedicina.14aMedicina tradicional.0 aEtnología: Serie antropológicav; 57